[Event "Euskadi-chT (Vasca) Div 1st"]
[White "Prieto Aranguren, Alain"]
[Black "Carasa Del Portillo, Mikel"]
[Site "Bergara"]
[Round "9.5"]
[Result "1-0"]
[Date "2016.??.??"]
[WhiteElo "2222"]
[BlackElo "1997"]
[PlyCount "142"]
[EventDate "2016.01.09"]
[EventType "team-tourn"]
[EventRounds "9"]
[EventCountry "ESP"]
[SourceTitle "EXT 2024"]
[Source "ChessBase"]
[SourceDate "2023.10.10"]
[SourceVersion "1"]
[SourceVersionDate "2023.10.10"]
[SourceQuality "1"]

1. Nf3 d5 2. g3 c6 3. Bg2 Nf6 4. 0-0 Bf5 5. d3 Nbd7 6. Nbd2 e6 7. Qe1 Be7 8. e4 dxe4 9. dxe4 Bg6 10. Qe2 0-0 11. b3 Qc7 12. Bb2 Rfe8 13. Rad1 Rad8 14. h3 Bc5 15. Kh2 h6 16. e5 Nd5 17. Ne4 Bxe4 18. Qxe4 Qa5 19. a3 Bxa3 20. Ra1 Qb4 21. Qxb4 Bxb4 22. Rxa7 Rb8 23. Bd4 Nc3 24. Raa1 Ra8 25. Ng1 Red8 26. f4 Nc5 27. Nf3 Kf8 28. Bg1 Ke7 29. Nd4 N3e4 30. f5 Bc3 31. Rxa8 Rxa8 32. Rf4 exf5 33. Nxf5+ Ke6 34. Rxe4 Nxe4 35. Bxe4 Bxe5 36. Nd4+ Bxd4 37. Bxd4 f5 38. Bd3 g6 39. Kg2 b5 40. Kf2 Kd5 41. Be3 Rh8 42. h4 Ke5 43. Bd2 Rh7 44. Bc3+ Kd5 45. Kg2 Rf7 46. Bb2 Ke6 47. b4 Kd5 48. Bc1 Kd4 49. Be3+ Kd5 50. Kf3 h5 51. Kf4 Re7 52. c3 Re6 53. Bc2 Kd6 54. Bc5+ Kd7 55. Kg5 Re2 56. Bb3 Rg2 57. Kf4 Re2 58. Be3 Ke7 59. Bd1 Re1 60. Bf3 Rf1 61. Bd4 Kd6 62. Bc5+ Kd7 63. Ke3 Re1+ 64. Kf2 Re6 65. Bd1 Re4 66. Be3 Kd6 67. Bb3 Ke7 68. Bc2 Re6 69. Kf3 Kd6 70. Bb3 Rf6 71. Bd4 Rf8 1-0

[Event "Euskadi-chT"]
[White "Carasa Del Portillo, Mikel"]
[Black "Gonzalez de la Torre, Santiago"]
[Site "Bergara"]
[Round "9.1"]
[Result "0-1"]
[Date "2010.03.13"]
[WhiteElo "2043"]
[BlackElo "2405"]
[PlyCount "56"]
[EventDate "2010.01.09"]
[EventType "team-tourn"]
[EventRounds "9"]
[EventCountry "ESP"]
[SourceTitle "EXT 2011"]
[Source "ChessBase"]
[SourceDate "2010.11.26"]
[SourceVersion "1"]
[SourceVersionDate "2010.11.26"]
[SourceQuality "1"]

1. c4 b6 2. Nc3 Bb7 3. e4 e6 4. Nge2 c5 5. g3 d6 6. Bg2 Nd7 7. 0-0 Be7 8. d3 Qc7 9. Be3 Ngf6 10. h3 0-0 11. Qd2 Rfe8 12. b3 a6 13. Rad1 Bf8 14. f4 g6 15. g4 b5 16. Ng3 d5 17. Nce2 bxc4 18. e5 d4 19. Bf2 c3 20. Qc1 Bxg2 21. Kxg2 Nd5 22. Ne4 f6 23. exf6 N7xf6 24. Bg1 Bg7 25. N2g3 Rf8 26. Ng5 h6 27. N5e4 Nxe4 28. dxe4 Nxf4+ 0-1